Open Data Biblioteca Nacional de Portugal


República Portuguesa: Ministério da Cultura
Biblioteca Nacional de Portugal

Catálogo da BNP: acesso por Identificadores Unívocos
Registos Bibliográficos associados ao registo de autoridade

Etiqueta de registo: 00613cam 2200241 450
001 1047176
003 http://id.bnportugal.gov.pt/bib/catbnp/1047176
005 20010424101900.0
010 ## $a972-41-0385-4
021 ## $aPT$b147329/00
100 ## $a20010206e2000 c y0pory0103 ba
101 0# $apor
102 ## $aPT
105 ## $aa j 001yy
106 ## $ar
200 1# $aPrimeira História de Portugal$ftexto Conceição Pinto$gil. Baptista Mendes
205 ## $a10ª ed
210 #9 $aPorto$cAsa,$d2000
215 ## $a45 p.$cil.$d26 cm
225 2# $a O meu país
675 ## $a087.5$vBN$zpor$3287999
675 ## $a94(469)$vBN$zpor$31565134
700 #1 $aPinto,$bConceição,$f1961-$353651
702 #1 $aMendes,$bBaptista$4440$345575
966 ## $lBN$mFGMON$sP. 19550 V.$x1
966 ## $lBN$mFGMON$sP. 19550 V.$x1

Etiqueta de registo: 00643cam 2200253 450
001 1060706
003 http://id.bnportugal.gov.pt/bib/catbnp/1060706
005 20011123104200.0
010 ## $a972-41-0385-4
021 ## $aPT$b161592/01
100 ## $a20010628d2001 a y0pory0103 ba
101 0# $apor
102 ## $aPT
105 ## $aa z 000yy
106 ## $ar
200 1# $aPrimeira História de Portugal$fConceição Pinto$gil. Baptista Mendes
205 ## $a11ª ed
210 #9 $aPorto$cAsa,$d2001
215 ## $a45 p.$cil.$d27 cm
225 2# $a O meu país
320 ## $aBibliografia, p. 44
675 ## $a087.5$vBN$zpor$3287999
675 ## $a94(469)$vBN$zpor$31565134
700 #1 $aPinto,$bConceição,$f1961-$353651
702 #1 $aMendes,$bBaptista$4440$345575
966 ## $lBN$mFGMON$sP. 19549 V.$x1
966 ## $lBN$mFGMON$sP. 19549 V.$x1

Etiqueta de registo: 00676cam 02200217 04500
001 1060885
003 http://id.bnportugal.gov.pt/bib/catbnp/1060885
005 20020325162300.0
100 ## $a20010629d1975 k a0pory0103 ba
101 0# $apor
102 ## $aPT
105 ## $ay z 000yy
106 ## $ar
200 1# $aA caminho ... para o Senhor$eguia do educador da fé$fAmilcar Amoral e José Belinquete$fdesenhos Baptista Mendes
205 ## $a2ª ed.
210 #9 $aAveiro$cSecret. Dioc. Educação Cristã,$d[1975]
215 ## $a25, [4] p.$cil.$d19 cm
675 ## $a27-29$vBN$zpor$3290051
700 #1 $aAmoral,$bAmilcar$31017390
701 #1 $aBelinquete,$bJosé Martins,$f1931-$4070$312394
702 #1 $aMendes,$bBaptista$4440$345575
966 ## $lBN$mFGMON$sR. 40602 P.$x3
997 ## $aBIBEOD

Etiqueta de registo: 00614cam 2200241 450
001 1672323
003 http://id.bnportugal.gov.pt/bib/catbnp/1672323
010 ## $a972-41-0385-4
021 ## $aPT$b240645/06
100 ## $a20071109d2006 d y0pory0103 ba
101 0# $apor
102 ## $aPT
105 ## $aa z 000yy
106 ## $ar
200 1# $aPrimeira História de Portugal$fConceição Pinto$gil. Baptista Mendes
205 ## $a13ª ed
210 #9 $aPorto$cAsa,$d2006
215 ## $a45 p.$cil.$d27 cm
225 2# $a O meu país
320 ## $aBibliografia, p. 44
675 ## $a087.5$vBN$zpor$3287999
675 ## $a94(469)$vBN$zpor$31565134
700 #1 $aPinto,$bConceição,$f1961-$353651
702 #1 $aMendes,$bBaptista$4440$345575
801 #0 $aPT$bBN$gRPC
900 ## $aBIBNAC$d20130602
966 ## $lBN$mFGMON$sP. 23246 V.$x1
966 ## $lBN$mFGMON$sP. 23246 V.-D $x1

Etiqueta de registo: 00695cam 02200229 04500
001 25901
003 http://id.bnportugal.gov.pt/bib/catbnp/25901
100 ## $a19981111d1983 m y0pora0103 ba
101 0# $apor
102 ## $aPT
105 ## $aa t 000yy
106 ## $ar
200 1# $aPor mares nunca dantes navegados...$fdesenhos de Baptista Mendes$gcoord. e rev. de texto de Jorge Magalhäes
210 #9 $aLisboa$cFutura,$dcop. 1983
215 ## $a61, [3] p.$ctodo il.$d29 cm
225 2# $aAntologia da BD portuguesa$v4
317 ## $aColeção Leandro de Moraes Sarmento$5PTBN: L.M.S. 583
606 ## $aBanda desenhada$yPortugal$jAntologias$zSéc. 20$2SIPOR$31995039
675 ## $a741.5(469)(082.2)$vBN$zpor$31995034
675 ## $a087.5$vmed$zpor$3287999
700 #1 $aMendes,$bBaptista$345575
702 #1 $aMagalhães,$bJorge,$f1938-2018$4640$342943
801 #0 $aPT$bBN$gRPC
966 ## $lBN$mFGMON$pBiblioteca particular Leandro de Moraes Sarmento$sL.M.S. 583 $x3
966 ## $lBN$mFGMON$sP. 6840 V.

Etiqueta de registo: 00517cam 022001931 04500
001 760458
003 http://id.bnportugal.gov.pt/bib/catbnp/760458
005 19990109000000.0
095 ## $aPTBN00547842
100 ## $a19940131d1962 m y0pory0103 ba
101 0# $apor
102 ## $aPT
200 1# $a O meu livro de religião$fil. Baptista Mendes
210 #9 $aLisboa$cSecretariado Nac. de Catequese,$d1962
215 ## $a32, [1] p.$cil.$d12 cm
675 ## $a2$vmed$zpor$3288537
702 #1 $aMendes,$bBaptista$4440$345575
801 #0 $aPT$bBN$gRPC
966 ## $lBN$mFGMON$sR. 33722 P.
997 ## $aBIBEOD
998 ## $aCR358-375

Etiqueta de registo: 00688cam 2200265 450
001 531921
003 http://id.bnportugal.gov.pt/bib/catbnp/531921
005 19990103000000.0
021 ## $aPT$b84174/94
095 ## $aPTBN00734971
100 ## $a19950602d1995 c y0pory0103 ba
101 0# $apor
102 ## $aPT
105 ## $aa z 001yy
106 ## $ar
200 1# $aPrimeira história de Portugal$ftexto Conceição Pinto$gil. Baptista Mendes
205 ## $a4ª ed
210 #9 $aPorto$cASA,$d1995
215 ## $a45 p.$cmuito il.$d27 cm
225 2# $a O meu país
320 ## $aBibliografia, p. 44
675 ## $a087.5$vBN$zpor$3287999
675 ## $a94(469)$vBN$zpor$31565134
700 #1 $aPinto,$bConceição,$f1961-$353651
702 #1 $aMendes,$bBaptista$4440$345575
801 #0 $aPT$bBN$gRPC
966 ## $c2$lBN$mFGMON$sP. 11814 V.$x1
966 ## $c2$lBN$mFGMON$sP. 11814 V.$x1
997 ## $aBIBEOD

Etiqueta de registo: 00688cam 2200265 450
001 600705
003 http://id.bnportugal.gov.pt/bib/catbnp/600705
005 19990104000000.0
021 ## $aPT$b93772/95
095 ## $aPTBN00810221
100 ## $a19960514d1996 c y0pory0103 ba
101 0# $apor
102 ## $aPT
105 ## $aa j 001yy
106 ## $ar
200 1# $aPrimeira história de Portugal$ftexto Conceição Pinto$gil. Baptista Mendes
205 ## $a5ª ed
210 #9 $aPorto$cASA,$d1996
215 ## $a45 p.$cmuito il.$d27 cm
225 2# $a O meu país
320 ## $aBibliografia, p. 44
675 ## $a087.5$vBN$zpor$3287999
675 ## $a94(469)$vBN$zpor$31565134
700 #1 $aPinto,$bConceição,$f1961-$353651
702 #1 $aMendes,$bBaptista$4440$345575
801 #0 $aPT$bBN$gRPC
966 ## $c2$lBN$mFGMON$sP. 12281 V.$x1
966 ## $c2$lBN$mFGMON$sP. 12281 V.$x1

Etiqueta de registo: 00689cam 2200265 450
001 701520
003 http://id.bnportugal.gov.pt/bib/catbnp/701520
005 19990107000000.0
021 ## $aPT$b106994/97
095 ## $aPTBN00915199
100 ## $a19970806d1997 c y0pory0103 ba
101 0# $apor
102 ## $aPT
105 ## $aa z 001yy
106 ## $ar
200 1# $aPrimeira história de Portugal$ftexto Conceição Pinto$gil. Baptista Mendes
205 ## $a6ª ed
210 #9 $aPorto$cASA,$d1997
215 ## $a45 p.$cmuito il.$d27 cm
225 2# $a O meu País
320 ## $aBibliografia, p. 44
675 ## $a087.5$vBN$zpor$3287999
675 ## $a94(469)$vBN$zpor$31565134
700 #1 $aPinto,$bConceição,$f1961-$353651
702 #1 $aMendes,$bBaptista$4440$345575
801 #0 $aPT$bBN$gRPC
966 ## $c2$lBN$mFGMON$sP. 12942 V.$x1
966 ## $c2$lBN$mFGMON$sP. 12942 V.$x1

Etiqueta de registo: 00712cam 2200277 450
001 340140
003 http://id.bnportugal.gov.pt/bib/catbnp/340140
005 20000615161000.0
010 ## $a972-41-0385-4
021 ## $aPT$b48973/91
095 ## $aPTBN00358692
100 ## $a19920325d1991 c y0pory0103 ba
101 0# $apor
102 ## $aPT
105 ## $aa z 01yy
106 ## $ar
200 1# $aPrimeira história de Portugal$fConceição Pinto$gil. Baptista Mendes
205 ## $a2ª ed
210 #9 $aPorto$cAsa,$d1991
215 ## $a45 p.$cmuito il.$d27 cm
225 2# $a O meu país
320 ## $aBibliografia, p. 44
675 ## $a087.5$vBN$zpor$3287999
675 ## $a94(469)$vBN$zpor$31565134
700 #1 $aPinto,$bConceição,$f1961-$353651
702 #1 $aMendes,$bBaptista$4440$345575
801 #0 $aPT$bBN$gRPC
966 ## $c2$lBN$mFGMON$sP. 10446 V.$x1
966 ## $c2$lBN$mFGMON$sP. 10446 V.$x1
997 ## $aBIBEOD

Etiqueta de registo: 00899cam 2200313 450
001 337545
003 http://id.bnportugal.gov.pt/bib/catbnp/337545
005 19981229000000.0
010 ## $a972-41-0434-6
021 ## $aPT$b29946/89
095 ## $aPTBN00355796
100 ## $a19920131d1991 cd y0pory0103 ba
101 0# $apor
102 ## $aPT
105 ## $aa z 001zy
106 ## $ar
200 1# $aBartolomeu e o mostrengo no Cabo da Boa Esperança$fMargarida Brandão$gil. Baptista Mendes
205 ## $a1ª ed
210 #9 $aPorto$cAsa,$d1991
215 ## $a96, [1] p.$cil.$d19 cm
225 2# $aHistórias dos descobrimentos
675 ## $a087.5$vBN$zpor$3287999
675 ## $a94(469)"14"(0.053.5)$vBN$zpor$31583707
700 #1 $aBrandão,$bMargarida,$f1944-$316940
702 #1 $aMendes,$bBaptista$4440$345575
801 #0 $aPT$bBN$gRPC
966 ## $c2$lBN$mFGMON$sP. 10597 P.$x1
966 ## $c2$lBN$mFGMON$sP. 10597 P.$x1
997 ## $aBIBEOD

Etiqueta de registo: 00682cam 2200265 450
001 259609
003 http://id.bnportugal.gov.pt/bib/catbnp/259609
005 20000615161000.0
021 ## $aPT$b34392/90
095 ## $aPTBN00270115
100 ## $a19910401d1990 c y0pory0103 ba
101 0# $apor
102 ## $aPT
105 ## $aa z 01yy
106 ## $ar
200 1# $aPrimeira história de Portugal$fConceição Pinto$gil. Baptista Mendes
205 ## $a1ª ed
210 #9 $aPorto$cAsa,$d1990
215 ## $a45 p.$cmuito il.$d27 cm
225 2# $a O meu país
320 ## $aBibliografia, p. 44
675 ## $a087.5$vBN$zpor$3287999
675 ## $a94(469)$vBN$zpor$31565134
700 #1 $aPinto,$bConceição,$f1961-$353651
702 #1 $aMendes,$bBaptista$4440$345575
801 #0 $aPT$bBN$gRPC
966 ## $c2$lBN$mFGMON$sP. 10075 V.$x1
966 ## $c2$lBN$mFGMON$sP. 10075 V.$x1
997 ## $aBIBEOD

Etiqueta de registo: 00796cam 2200289 450
001 259607
003 http://id.bnportugal.gov.pt/bib/catbnp/259607
005 19981205221400.0
021 ## $aPT$b35093/90
095 ## $aPTBN00270113
100 ## $a19910422d1990 de y0pory0103 ba
101 0# $apor
102 ## $aPT
105 ## $aa z 001zy
106 ## $ar
200 1# $aNo mar tenebroso$fMargarida Brandão$gil. Baptista Mendes
205 ## $a2ª ed
210 #9 $aPorto$cAsa,$d1990
215 ## $a96, [1] p.$cil.$d19 cm
225 2# $aHistórias dos descobrimentos
675 ## $a087.5$vBN$zpor$3287999
675 ## $a94(469)"14/15"(0.053.5)$vBN$zpor$31509698
700 #1 $aBrandão,$bMargarida,$f1944-$316940
702 #1 $aMendes,$bBaptista$4730$345575
801 #0 $aPT$bBN$gRPC
966 ## $c2$lBN$mFGMON$sP. 10382 P.$x1
966 ## $c2$lBN$mFGMON$sP. 10382 P.$x1
997 ## $aBIBEOD

Etiqueta de registo: 00846cam 2200301 450
001 215488
003 http://id.bnportugal.gov.pt/bib/catbnp/215488
005 19981201061400.0
021 ## $aPT$b27063/89
095 ## $aPTBN00223184
100 ## $a19900108d1989 a y0pora0103 ba
101 0# $apor
102 ## $aPT
105 ## $aa t 000yy
106 ## $ar
200 1# $aInfante D. Henrique$ftexto Margarida Brandão$gdes. Baptista Mendes
205 ## $a1ª ed
210 #9 $aPorto$cAsa,$d1989
215 ## $a36 p.$cmuito il.$d30 cm
225 2# $aNavegadores portugueses$v2
317 ## $aColeção Leandro de Moraes Sarmento$5PTBN: L.M.S. 654
600 #1 $aHenrique,$cInfante de Portugal,$d1394-1460$jLiteratura juvenil$2SIPOR$31996573
606 ## $aDescobrimentos portugueses$xHistória$jLiteratura juvenil$2SIPOR$31996574
675 ## $a087.5$vBN$zpor$3287999
675 ## $a929Henrique, Infante de Portugal(0.053.5)$vBN$zpor$31635557
675 ## $a910.4Henrique, Infante de Portugal(0.053.5)$vBN$zpor$31635558
700 #1 $aBrandão,$bMargarida,$f1944-$316940
702 #1 $aMendes,$bBaptista$4440$345575
801 #0 $aPT$bBN$gRPC
966 ## $lBN$mFGMON$pBiblioteca particular Leandro de Moraes Sarmento$sL.M.S. 654 $x3
966 ## $c2$lBN$mFGMON$sP. 9561 V.$x1
966 ## $c2$lBN$mFGMON$sP. 9561 V.$x1

Etiqueta de registo: 00689cam 2200265 450
001 972467
003 http://id.bnportugal.gov.pt/bib/catbnp/972467
005 20000615160800.0
021 ## $aPT$b114015/97
095 ## $aPTBN00980513
100 ## $a19980415d1997 c y0pory0103 ba
101 0# $apor
102 ## $aPT
105 ## $aa z 001yy
106 ## $ar
200 1# $aPrimeira história de Portugal$ftexto Conceição Pinto$gil. Baptista Mendes
205 ## $a7ª ed
210 #9 $aPorto$cAsa,$d1997
215 ## $a45 p.$cmuito il.$d27 cm
225 2# $a O meu País
320 ## $aBibliografia, p. 44
675 ## $a087.5$vBN$zpor$3287999
675 ## $a94(469)$vBN$zpor$31565134
700 #1 $aPinto,$bConceição,$f1961-$353651
702 #1 $aMendes,$bBaptista$4440$345575
801 #0 $aPT$bBN$gRPC
966 ## $lBN$mFGMON$sP. 13370 V.$x1

Etiqueta de registo: 00688cam 2200265 450
001 783510
003 http://id.bnportugal.gov.pt/bib/catbnp/783510
005 20000615161000.0
021 ## $aPT$b72063/93
095 ## $aPTBN00358692
100 ## $a19940307d1994 c y0pory0103 ba
101 0# $apor
102 ## $aPT
105 ## $aa z 001yy
106 ## $ar
200 1# $aPrimeira história de Portugal$ftexto Conceição Pinto$gil. Baptista Mendes
205 ## $a3ª ed
210 #9 $aPorto$cASA,$d1994
215 ## $a45 p.$cmuito il.$d27 cm
225 2# $a O meu país
320 ## $aBibliografia, p. 44
675 ## $a087.5$vBN$zpor$3287999
675 ## $a94(469)$vBN$zpor$31565134
700 #1 $aPinto,$bConceição,$f1961-$353651
702 #1 $aMendes,$bBaptista$4440$345575
801 #0 $aPT$bBN$gRPC
966 ## $c2$lBN$mFGMON$sP. 11313 V.$x1
966 ## $c2$lBN$mFGMON$sP. 11313 V.$x1
997 ## $aBIBEOD

Etiqueta de registo: 00654cam 2200253 450
001 877385
003 http://id.bnportugal.gov.pt/bib/catbnp/877385
005 20000615160900.0
010 ## $a972-41-0385-4
021 ## $aPT$b123482/98
100 ## $a99-03-23d1998 m y0pory0103 ba
101 0# $apor
102 ## $aPT
105 ## $aa z 001yy
106 ## $ar
200 1# $aPrimeira história de Portugal$ftexto Conceição Pinto$gil. Baptista Mendes
210 #9 $aLisboa$cASA,$d1998
215 ## $a45 p.$cil.$d27 cm
225 2# $a O meu país
320 ## $aBibliografia, p. 44
675 ## $a087.5$vBN$zpor$3287999
675 ## $a94(469)$vBN$zpor$31565134
700 #1 $aPinto,$bConceição,$f1961-$353651
701 #1 $aMendes,$bBaptista$4440$345575
801 #0 $aPT$bBN$gRPC
966 ## $lBN$mFGMON$sP. 19551 V.$x1
966 ## $lBN$mFGMON$sP. 19551 V.$x1

Etiqueta de registo: 00583cam 2200217 450
001 27361
003 http://id.bnportugal.gov.pt/bib/catbnp/27361
005 19981112010200.0
095 ## $aPTBN00028126
100 ## $a19841101d1984 e y0pory0103 ba
101 0# $apor
102 ## $aPT
200 1# $a O livro de Marco Polo$fil. Baptista Mendes
210 #9 $aLisboa$cPublicit,$dimp. 1984
215 ## $a319 p.$cil.$d21 cm
225 2# $aClássicos juvenis
675 ## $a850-9 Polo, M.$vmed$zpor$3296199
700 #1 $aPolo,$bMarco,$f1254-1323?$350187
702 #1 $aMendes,$bBaptista$4440$345575
801 #0 $aPT$bBN$gRPC
966 ## $lBN$mFGMON$sL. 34421 V.
997 ## $aBIBEOD
998 ## $aFSE72-399

Etiqueta de registo: 00615cam 2200241 450
001 1022495
003 http://id.bnportugal.gov.pt/bib/catbnp/1022495
005 20000822134500.0
010 ## $a972-41-0385-4
021 ## $aPT$b140988/99
100 ## $a20000518d1999 d y0pory0103 ba
101 0# $apor
102 ## $aPT
105 ## $aa z 001yy
106 ## $ar
200 1# $aPrimeira história de Portugal$fConceição Pinto$gil. Baptista Mendes
205 ## $a9ª ed
210 #9 $aPorto$cAsa,$d1999
215 ## $a45 p.$cil.$d26 cm
225 2# $a O meu país
675 ## $a087.5$vBN$zpor$3287999
675 ## $a94(469)$vBN$zpor$31565134
700 #1 $aPinto,$bConceição,$f1961-$353651
702 #1 $aMendes,$bBaptista$4440$345575
966 ## $lBN$mFGMON$sP. 14968 V.$x1
966 ## $lBN$mFGMON$sP. 14968 V.$x1

Etiqueta de registo: 00978cam 2200325 450
001 997221
003 http://id.bnportugal.gov.pt/bib/catbnp/997221
005 19990713095300.0
021 ## $aPT$b121419/98
095 ## $aPTBN01009469
100 ## $a19980915d1998 am y0pory0103 ba
101 0# $apor
102 ## $aPT
105 ## $aa z 000yy
106 ## $ar
200 1# $aInfante D. Henrique$ftexto [de] Margarida Brandão$gdesenhos [de] Baptista Mendes
205 ## $a2ª ed
210 #9 $aPorto$cAsa,$d1998
215 ## $a36, [1] p.$ctodo il.$d30 cm
225 2# $aNavegadores portugueses$v2
532 12 $aInfante Dom Henrique
675 ## $a087.5$vBN$zpor$3287999
675 ## $a929Henrique, Infante de Portugal(0.053.5)$vBN$zpor$31635557
675 ## $a910.4Henrique, Infante de Portugal(0.053.5)$vBN$zpor$31635558
700 #1 $aBrandão,$bMargarida,$f1944-$316940
701 #1 $aMendes,$bBaptista$4440$345575
801 #0 $aPT$bBN$gRPC
966 ## $c2$lBN$mFGMON$sP. 13659 V.$x1
966 ## $c2$lBN$mFGMON$sP. 13659 V.$x1

Etiqueta de registo: 00614cam 2200241 450
001 1228049
003 http://id.bnportugal.gov.pt/bib/catbnp/1228049
010 ## $a972-41-0385-4
021 ## $aPT$b190352/03
100 ## $a20031113d2003 a y0pory0103 ba
101 0# $apor
102 ## $aPT
105 ## $aa z 000yy
106 ## $ar
200 1# $aPrimeira História de Portugal$fConceição Pinto$gil. Baptista Mendes
205 ## $a12ª ed
210 #9 $aPorto$cAsa,$d2003
215 ## $a45 p.$cil.$d27 cm
225 2# $a O meu país
320 ## $aBibliografia, p. 44
675 ## $a087.5$vBN$zpor$3287999
675 ## $a94(469)$vBN$zpor$31565134
700 #1 $aPinto, $bConceição,$f1961-$31566462
702 #1 $aMendes,$bBaptista$4440$345575
900 ## $aBIBNAC$d20130602
966 ## $lBN$mFGMON$sP. 19104 V.$x1
966 ## $lBN$mFGMON$sP. 19104 V.$x1

Etiqueta de registo: 00521cam 02200205 04500
001 216025
003 http://id.bnportugal.gov.pt/bib/catbnp/216025
100 ## $a19980101d1962 m y0pora0103 ba
101 0# $apor
102 ## $aPT
200 1# $aGrandes portugueses$gtexto de Agostinho Macedo... [et al.] $gdes. de Baptista Mendes... [et al.]
210 #9 $aLisboa$cCamarada,$d[D.L. 1962]
215 ## $a2 vols.$cil.$d30 cm
304 ## $aOutros autores: Álvaro Parreira, António João Bispo, Helena Sabóia, Manuel Rodrigues, Pinto Coelho, Rui de Abreu, José Antunes, Manuel Ferreira, Hernani Lopes, José Garcês, José Ruy e Victor Paiva
317 ## $aColeção Leandro de Moraes Sarmento$5PTBN: L.M.S. 652; L.M.S. 653
327 11 $aVol. 1: (20 p.). - Vol. 2: (22 p.)
606 ## $aPersonalidades portuguesas$xBiografias coletivas$jBanda desenhada$2SIPOR$31996529
606 ## $aPortugal$xHistória$xObras para a juventude$2SIPOR$31996523
675 ## $a929.5(469)(084.11)$vBN$zpor$31996527
700 #1 $91$aMacedo,$bAgostinho$3219386
701 #1 $aParreira,$bAlvaro$4070$359160
701 #1 $aBispo,$bAntónio João$4070$314467
701 #1 $91$aSabóia,$bHelena$4070$31996544
701 #1 $91$aAbreu,$bRui de$31996547
702 #1 $aMendes,$bBaptista$4440$345575
702 #1 $918$aRodrigues,$bManuel$4440$31996545
702 #1 $95$aCoelho,$bJosé Pinto$4440$31996546
702 #1 $aAntunes,$bJosé,$f1937-2010$4440$31557876
702 #1 $91$aFerreira,$bManuel$4440$335296
702 #1 $94$aLopes,$bHernâni$4440$31996548
702 #1 $aGarcês,$bJosé,$f1928-2020$4440$330188
702 #1 $aRui,$bJosé,$f1930-2022$4440$354131
702 #1 $aPaiva,$bVítor$4440$3147609
801 #0 $aPT$bBN$gRPC
966 ## $lBN$mFGMON$sC.G. 8985 V.
966 ## $dVol. 1$lBN$mFGMON$pBiblioteca particular Leandro de Moraes Sarmento$sL.M.S. 652 $x3
966 ## $dVol. 2$lBN$mFGMON$pBiblioteca particular Leandro de Moraes Sarmento$sL.M.S. 653 $x3

OpendataBNP@bnportugal.pt | Mais informação sobre acesso aos dados BNP